| 000 | 00000nas 2200000za 4500 |
| 001 | 9.506943 |
| 003 | CaOODSP |
| 005 | 20221107133721 |
| 007 | cr ||||||||||| |
| 008 | 150406d20072015oncar p o f0 a0eng|d |
| 040 | |aCaOODSP|beng |
| 043 | |an-cn--- |
| 086 | 1 |aEn81-6/1E-PDF |
| 245 | 00|aFacility Greenhouse Gas Emissions Reporting Program |h[electronic resource] : |boverview of reported ... emissions. |
| 260 | |a[Gatineau, Québec] : |bEnvironment Canada, |c[2008]-2015. |
| 310 | |aAnnual |
| 362 | 1 |a2007-2013. |
| 500 | |aIssued also in French under title: Programme de déclaration des émissions de gaz à effet de serre par les installations : aperçu des émissions déclarées pour ... |
| 692 | 07|2gccst|aGreenhouse gases |
| 710 | 1 |aCanada.|bEnvironment Canada. |bGreenhouse Gas Division. |
| 775 | 08|tProgramme de déclaration des émissions de gaz à effet de serre par les installations |w(CaOODSP)9.503338 |
| 785 | 00|tOverview of reported ... emissions |w(CaOODSP)9.816375 |